000 00596cam a2200217 4500
001 J11421
008 000000n2002 000 0 eng u
035 _a(Sirsi) u117499
041 _aeng
050 _a333.336
110 _aInsignia Richard Ellis
_93847
245 _aRegional industrial market bulletin -Spring 2002
260 _aLondon
_bInsignia Richard Ellis Research
_c2002
300 _a1pt. ; 30cm.
650 _aINDUSTRIAL PROPERTY
650 _aRENTAL VALUES
650 _aCAPITAL VALUES
650 _aTOTAL RETURNS
690 _aPROPERTY-COMMERCIAL PROPERTY
942 _n0
999 _c102007
_d102007